000 01445nam a22002417a 4500
003 BJBSDDR
005 20260325185646.0
006 a|||||r|||| 00| 0
007 ta
008 260325s2013 sp |||||r|||| 00| 0 spa d
020 _a9788490335215
040 _bspa
_cBJBSDDR
041 _aspa
050 _bA774 2013
245 0 3 _aEl arreglo pacífico de controversias internacionales :
_bXXIV Jornadas de la Asociación Española de Profesores de Derecho Internacional y Relaciones Internacionales (AEPDIRI): Córdoba, 20-22 de octubre de 2011 /
_cEva M. Vázquez Gómez, María Dolores Adam Muñoz, Noé Cornago Prieto(coord.)
260 _aValencia, España :
_bTirant lo Blanch,
_c2013.
300 _a1068 páginas ;
_c24 cm
520 _aEl libro explica que los conflictos internacionales deben resolverse sin uso de la fuerza, mediante mecanismos pacíficos establecidos por el derecho internacional. Distingue dos grandes vías: Diplomáticas: negociación, mediación y conciliación (flexibles y voluntarias). Jurídicas: arbitraje y tribunales internacionales (basadas en normas y decisiones obligatorias). También destaca el papel de organizaciones como la ONU y concluye que la paz depende de la cooperación, las reglas y las instituciones internacionales.
700 1 _aVázquez Gómez, Eva,
_d1970-
_ecoord.
_947702
700 1 _aAdam Muñoz, María Dolores
_ecoord.
_947703
942 _2lcc
_n0
_cBK
946 _illh
999 _c126692
_d126692